[Event "North Region-chB"]
[Site "Cartagena"]
[Date "2012.04.22"]
[Round "6.3"]
[White "Pena, Juan Camilo"]
[Black "Navarro, Bustillo Ruben"]
[Result "1/2-1/2"]
[WhiteElo "1506"]
[BlackElo "2042"]
[PlyCount "48"]
[EventDate "2012.04.19"]
[EventType "swiss"]
[EventRounds "6"]
[EventCountry "COL"]
[SourceTitle "EXT 2024"]
[Source "ChessBase"]
[SourceDate "2023.10.10"]
[SourceVersion "1"]
[SourceVersionDate "2023.10.10"]
[SourceQuality "1"]

1. e4 c5 2. Nf3 d6 3. c3 Nf6 4. Bc4 g6 5. 0-0 Bg7 6. Qe2 0-0 7. h3 a6 8. a4 Nc6 9. d4 b6 10. d5 Nb8 11. Bf4 e5 12. Bg5 h6 13. Bd2 a5 14. Na3 Nh7 15. Nh2 f5 16. f3 Ba6 17. Bxa6 Nxa6 18. Nb5 Nc7 19. Rf2 Nxb5 20. Qxb5 fxe4 21. fxe4 Rxf2 22. Kxf2 Qh4+ 23. Kg1 Rf8 24. Qe2 Nf6 1/2-1/2